Statistics for FIFA 18 Icons Quiz

Click here to take the quiz!

General Stats

  • This quiz has been taken 97 times
  • The average score is 34 of 40

Answer Stats

Position(s)NationalityRatingsAnswer% Correct
CAM, CFBrazil98, 95, 91Pele
100%
STBrazil96, 94, 90Ronaldo Nazario
99%
CAMArgentina97, 95, 91Diego Maradona
97%
GKRussia94, 91, 89Lev Yashin
95%
LW, CAMBrazil94, 91, 89Ronaldinho
95%
ST, LWFrance93, 90, 87Thierry Henry
94%
CB, LBItaly94, 92, 88Paolo Maldini
93%
CF, CMNetherlands93, 90, 86Ruud Gullit
92%
CB, RBSpain92, 90, 86Carles Puyol
90%
STNetherlands93, 91, 89Marco Van Basten
89%
CAMRomania91, 89, 85Gheorghe Hagi
87%
GKDenmark92, 90, 86Peter Schmeichel
87%
LBBrazil91, 88, 86Roberto Carlos
87%
CFItaly92, 90, 87Alessandro Del Piero
85%
GKNetherlands91, 89, 87Edwin Van Der Sar
85%
STArgentina90, 87, 85Hernan Crespo
85%
CAM, CFFinland90, 88, 85Jari Litmanen
84%
RB, LBArgentina92, 88, 87Javier Zanetti
84%
STUkraine91, 88, 86Andriy Shevchenko
83%
CM, CAMPortugal90, 87, 85Deco
83%
CDM, LBFrance90, 88, 85Emmanuel Petit
83%
CAM, RMNigeria90, 87, 85Jay-Jay Okocha
82%
CB, CAMFrance91, 89, 85Laurent Blanc
82%
CM, CDM, CBGermany93, 91, 88Lothar Matthaus
82%
CBEngland90, 88, 85Rio Ferdinand
82%
STEngland91, 89, 87Alan Shearer
80%
STMexico90, 87, 85Luis Hernandez
80%
CAM, LW, CFDenmark91, 89, 85Michael Laudrup
80%
STSweden90, 87, 86Henrik Larsson
79%
LM, CAMFrance91, 88, 85Robert Pires
79%
CAMPortugal90, 88, 85Rui Costa
79%
CBItaly92, 90, 88Alessandro Nesta
78%
CF, CAMNetherlands92, 90, 87Dennis Bergkamp
77%
CMFrance91, 88, 86Patrick Vieira
77%
CDM, CBNetherlands90, 88, 86Frank Rijkaard
75%
CB, CDMFrance91, 88, 87Marcel Desailly
75%
LM, LWNetherlands90, 88, 86Marc Overmars
75%
STItaly90, 87, 85Filippo Inzaghi
71%
STEngland91, 88, 86Michael Owen
71%
STNetherlands91, 88, 86Patrick Kluivert
69%

Score Distribution

Percentile by Number Answered

Percent of People with Each Score

Your Score History

You have not taken this quiz